Antología de la poesía dominicana 1844-1944 / Vicente Llorens (Registro nro. 768)

Detalles MARC
000 -LEADER
fixed length control field 00502nam a22001931a 4500
001 - CONTROL NUMBER
control field 768
003 - CONTROL NUMBER IDENTIFIER
control field OSt
005 - DATE AND TIME OF LATEST TRANSACTION
control field 20260204211708.0
008 - FIXED-LENGTH DATA ELEMENTS--GENERAL INFORMATION
fixed length control field 040114s1984||||dr ||||||b||||||||||spa||
050 ## - LIBRARY OF CONGRESS CALL NUMBER
Classification number RD 864 L773a
082 ## - DEWEY DECIMAL CLASSIFICATION NUMBER
Classification number 080.9 L773a
100 ## - ASIENTO PRINCIPAL -- NOMBRE PERSONAL
Personal name Llorens, Vicente
245 ## - TÍTULO PROPIAMENTE DICHO: SUBTÍTULO
Title Antología de la poesía dominicana 1844-1944 / Vicente Llorens
250 ## - MENCIÓN DE EDICIÓN
Edition statement 2
264 ## - PRODUCTION, PUBLICATION, DISTRIBUTION, MANUFACTURE, AND COPYRIGHT NOTICE
Place of production, publication, distribution, manufacture Santo Domingo : S.D.B
300 ## - PHYSICAL DESCRIPTION
Extensión 348 p.
650 ## - ASIENTO SECUNDARIO DE MATERIA -- TERMINO TEMÁTICO
Termino Temático Como Elemento de Entrada Literatura Dominicana - Colecciones y EnsayosÌ
942 ## - ADDED ENTRY ELEMENTS (KOHA)
Source of classification or shelving scheme Dewey Decimal Classification
Koha item type Libros
Existencias
Withdrawn status Lost status Source of classification or shelving scheme Damaged status Not for loan Current library Date acquired Total Checkouts Full call number Barcode Date last seen Price effective from Koha item type
    Dewey Decimal Classification     Biblioteca UTECO 09/09/2019   RD 864 L773A 005011 09/09/2019 09/09/2019 Libros
    Dewey Decimal Classification     Biblioteca UTECO 09/09/2019   RD 864 L773A 005012 09/09/2019 09/09/2019 Libros
© 2021 Derechos Reservados UTECO - Teléfono: +1 809-585-2291 - Correo electrónico: biblioteca@uteco.edu.do​  
Código postal 43000 ​​
Dirección: Avenida Universitaria No. 100, 
Cotuí, Provincia Sánchez Ramírez, República Dominicana - RNC: 404-00059-6